| 000 | 01141nam0a2200313 4500 | ||
|---|---|---|---|
| 001 | RU\NLR\bibl\1714430 | ||
| 005 | 20260405224441.0 | ||
| 010 |
_a978-5-699-46098-4 _93000 |
||
| 021 |
_aRU _b2010-88728 _9699д/2010 |
||
| 035 | _a(nilc)RSL-KNO-004834382 | ||
| 035 | _a(NLR Aleph) 001705444 | ||
| 090 |
_a1246894 _c1246894 |
||
| 100 | _a20101115d2010 |||y0rusy50 ca | ||
| 101 | 1 |
_arus _ceng |
|
| 102 | _aRU | ||
| 105 | _aa ||||||||| | ||
| 200 | 1 |
_aВосставший из ада _fКлайв Баркер _g[пер. с англ. Н. Рейн] |
|
| 210 |
_aМосква _cЭксмо _aСанкт-Петербург _cДомино _d2010 |
||
| 215 |
_a252, [1] с. _cил. _d21 |
||
| 225 | 1 |
_aКнига-загадка, книга-мистика _fсост. Александро Жикаренцев |
|
| 686 |
_aШ5(4Вл)62-644.5 _2rubbk |
||
| 686 | _aШ6(4Вл)67-445{Лх1299-62} | ||
| 700 | 1 |
_4070 _7ca _8rus _aБаркер _bК. _f1952- _gКлайв _3RU\NLR\auth\77102534 _985460 |
|
| 801 | 0 |
_aRU _bRuMoRKP _c20101115 _grcr |
|
| 801 | 1 |
_aRU _bRuMoRGB _c20101115 |
|
| 801 | 2 |
_aRU _bNLR _c20101215 _grcr |
|
| 942 | _cBOOK | ||
| 980 | _aNB | ||